Animal Decoder - Statistics

General Stats
  • This quiz has been taken 15,489 times
  • The average score is 21 of 29
Answer Stats
Clue Answer % Correct
C Has one hump, or two Camel
96%
U Fictional horse with a brilliant horn Unicorn
95%
O Orange ape native to Indonesia Orangutan
94%
S Jaws Shark
94%
T Large hairy spider Tarantula
92%
O Killer whale Orca
90%
F Fly-catching amphibian Frog
86%
H Scavenger known for "laughing" Hyena
86%
D Porpoise relative Dolphin
85%
P Mountain lion or shoe brand Puma
85%
A Small llama, bred for its wool Alpaca
84%
E Largest native bird in Australia Emu
80%
B Winged mammal Bat
79%
E Babar or Horton, e.g. Elephant
76%
T Slow-moving reptile Turtle
76%
H Dangerous African "River Horse" Hippopotamus
72%
E Very large species of deer Elk
69%
H Spiny pet Hedgehog
66%
N Salamander Newt
66%
R Has been called a "trash panda" Raccoon
66%
T Detroit baseball mascot Tiger
63%
T Froot Loops mascot Toucan
63%
R It quoth, "Nevermore" Raven
61%
T In bowling, three strikes in a row Turkey
61%
E National animal of Albania, Egypt Eagle
58%
R Bird seen with the return of spring Robin
48%
Don't put the cart before the horse.
42%
E Heron with white or buff plumage Egret
36%
O Babe was a blue one of these Ox
34%
No matching quizzes found
Score Distribution
Percent of People with Each Score
Percentile by Number Answered
Your Score History
You have not taken this quiz